Enterprise and Small Business / Principles, Practice and Policy (Record no. 730)
[ view plain ]
| 000 -LEADER | |
|---|---|
| fixed length control field | 01701cam a22002054a 4500 |
| 005 - ΗΜΕΡΟΜΗΝΙΑ ΚΑΙ ΩΡΑ ΤΕΛΕΥΤΑΙΑΣ ΕΝΗΜΕΡΩΣΗΣ | |
| Πεδίο ελέγχου | 20250605163944.0 |
| 008 - FIXED-LENGTH DATA ELEMENTS--GENERAL INFORMATION | |
| Πεδίο ελέγχου σταθερού μήκους | 250528s ||||||||||||||||||||||||d |
| 035 ## - SYSTEM CONTROL NUMBER | |
| System control number | 15136 |
| 020 ## - ISBN | |
| ISBN | 201398524 |
| 040 ## - ΠΗΓΗ ΚΑΤΑΛΟΓΟΓΡΑΦΗΣΗΣ | |
| Φορέας πρωτότυπης καταλογογράφησης | MC Athens Campus Library |
| Γλώσσα καταλογογράφησης | Ελληνικά, Μοντέρνα (1453-) |
| Modifying agency | MC Athens Campus Library |
| Κανόνες περιγραφικής καταλογογράφησης | AACR2 |
| 245 1# - ΤΙΤΛΟΣ ΚΑΙ ΔΗΛΩΣΗ ΥΠΕΥΘΥΝΟΤΗΤΑΣ | |
| Τίτλος | Enterprise and Small Business / Principles, Practice and Policy |
| 260 ## - PUBLICATION, DISTRIBUTION, ETC. | |
| Name of publisher, distributor, etc. | Financial Times - Prentice Hall, |
| Date of publication, distribution, etc. | 2000 |
| 300 ## - PHYSICAL DESCRIPTION | |
| Extent | 512 |
| 520 ## - SUMMARY, ETC. | |
| Summary, etc. | This text provides a comprehensive introduction to small businesses: the changing business environment in which they emerge and operate, the nature of entrepreneurship and the practical business of managing a small firm. Acknowledgements, The Small Business Environment, Introduction, Self-Employment and Small Firms, The Enterprise Culture: The Socio-Economic Context of Small Firms, Small-Business Policy and Support and Governance, The Social and Cultural World of Enterprise, Entrepreneurship and the Small Firm, Initiating Entrepreneurship, Business Start-Up: Theory and Practice and Policy, The Psychology of the Entrepreneur, Family and Enterprise, Gender and Enterprise, Ethnicity and Enterprise, Franchising and Enterprise, Technical Entrepreneurship, Intrapreneurship, Entrepreneurship in Transitional Economies, Management and the Small Firm, Strategy and the Small Firm, People and the Small Firm, Training and the Small Firm, Marketing and the Small Firm, Networking and the Small Firm, Information and Communication Technology in the Small Firm, Growth and Development in the Small Firm, Internationalization and the Small Firn, References, Index. |
| 700 1# - ΠΡΟΣΘΕΤΗ ΑΝΑΓΡΑΦΗ--ΦΥΣΙΚΟ ΠΡΟΣΩΠΟ | |
| Personal name | Carter Sara |
| 9 (RLIN) | 990 |
| 700 1# - ΠΡΟΣΘΕΤΗ ΑΝΑΓΡΑΦΗ--ΦΥΣΙΚΟ ΠΡΟΣΩΠΟ | |
| Personal name | Evans-Jones Dylan |
| 9 (RLIN) | 991 |
| 942 ## - ADDED ENTRY ELEMENTS (KOHA) | |
| Koha item type | Books |
| Τύπος τεκμηρίου | Βιβλιοθήκη | Τρέχουσα τοποθεσία | Barcode | Αριθμός εισαγωγής | Ημερομηνία απόκτησης | Ταξιθετικό σύμβολο | Αριθμός αντιτύπου | Κατάσταση απόσυρσης | Κατάσταση χαμένου | Κατάσταση κατεστραμμένου | Μη δανεισμός | Σύνολο δανεισμών | Ημερομηνία τελευταίας εμφάνισης | Η τιμή ισχύει από |
|---|---|---|---|---|---|---|---|---|---|---|---|---|---|---|
| Books | MC Athens Campus Library | MC Athens Campus Library | 9780000007292 | 1367 | 05/06/2025 | 658.022 CAR | 1 | 05/06/2025 | 05/06/2025 |